[Event "Berlin Lichtenberger op 17th"]
[Site "Berlin"]
[Date "2018.08.20"]
[Round "3"]
[White "Jouani, Zakharia"]
[Black "Ziems, Michael"]
[Result "0-1"]
[WhiteElo "1243"]
[BlackElo "1813"]
[PlyCount "50"]
[EventDate "2018.08.18"]
[EventType "swiss"]
[EventRounds "9"]
[EventCountry "GER"]
[SourceTitle "CBM 186 Extra"]
[Source "ChessBase"]
[SourceDate "2018.08.24"]
[SourceVersion "1"]
[SourceVersionDate "2018.08.24"]
[SourceQuality "1"]

1. e4 e6 2. d4 d5 3. Nc3 Nf6 4. Bg5 Be7 5. e5 Nfd7 6. Bxe7 Qxe7 7. f4 a6 8. Nf3 c5 9. Bd3 cxd4 10. Ne2 Nc6 11. Qd2 f6 12. exf6 Nxf6 13. Nfxd4 0-0 14. 0-0-0 Bd7 15. Rde1 Qd6 16. Rhf1 Nb4 17. a3 Nxd3+ 18. Qxd3 Ne4 19. Nc3 Nxc3 20. Qxc3 Rxf4 21. Qe3 Re4 22. Qg3 Qxg3 23. hxg3 Rxd4 24. Rf3 Rf8 25. Ref1 Rxf3 0-1